|
|
|
|
| LEADER |
00000nam0a2200000 4500 |
| 001 |
217188 |
| 005 |
20231101230109.0 |
| 035 |
|
|
|a (RuTPU)RU\TPU\book\237179
|
| 090 |
|
|
|a 217188
|
| 100 |
|
|
|a 20120601d1905 k y0rusy50 ca
|
| 101 |
1 |
|
|a rus
|c ger
|
| 102 |
|
|
|a RU
|
| 105 |
|
|
|a y z 001zy
|
| 200 |
1 |
|
|a Томас Мор и его утопия
|f К. Каутский
|g пер. с нем. М. А. и А. Г. Генкель
|
| 210 |
|
|
|a Санкт-Петербург
|c Типография Монтвида
|d 1905
|
| 215 |
|
|
|a 318 с.
|
| 225 |
1 |
|
|a Книгоиздательство М. В. Пирожкова. Исторический отдел
|h №14
|
| 300 |
|
|
|a Первый русский перевод с издания 1888 г.
|
| 316 |
|
|
|5 63413507: 40//515
|a Комбинированный темно-вишневый владельческий переплет, узорный обрез, на корешке инициалы "М. С."
|
| 317 |
|
|
|5 63413507: 40//515
|a Поступила в ноябре 1923 г. в дар от профессора ТТИ А. П. Малышева в составе книжного собрания.
|
| 600 |
|
1 |
|a Мор
|g Томас
|b Т.
|c английский гуманист
|c государственный деятель
|c писатель
|f 1478-1535
|2 stltpush
|3 (RuTPU)RU\TPU\pers\310
|
| 610 |
1 |
|
|a утопический социализм
|
| 610 |
1 |
|
|a утопизм
|
| 610 |
1 |
|
|a биографии
|
| 610 |
1 |
|
|a дары библиотеке
|
| 610 |
1 |
|
|a коллекция А. П. Малышева
|
| 675 |
|
|
|a 330.342(092)
|v 3
|
| 700 |
|
1 |
|a Каутский
|b К.
|c немецкий социал-демократ, экономист, публицист
|c один из лидеров и теоретиков германской социал-демократии и II-го Интернационала
|f 1854-1938
|g Карл
|2 stltpush
|3 (RuTPU)RU\TPU\pers\14171
|9 4639
|
| 702 |
|
1 |
|a Генкель
|b М. А.
|4 730
|
| 702 |
|
1 |
|a Генкель
|b А. Г.
|4 730
|
| 801 |
|
1 |
|a RU
|b 63413507
|c 20120601
|
| 801 |
|
2 |
|a RU
|b 63413507
|c 20170307
|g RCR
|
| 942 |
|
|
|c BK
|